|
|
|
|
| LEADER |
00971nam a2200253 4500 |
| 001 |
DLU150167565 |
| 005 |
##20150123 |
| 040 |
# |
# |
|a DLU
|b vie
|
| 041 |
# |
# |
|a vie
|
| 044 |
# |
# |
|a vn
|
| 100 |
# |
# |
|a Lê Xuân Hiền.
|
| 245 |
# |
# |
|a Nghiên cứu phản ứng khâu mạch và tính chất của một số hệ trên cơ sở nhựa Epoxy biến tính dầu thực vật. II - Ảnh hưởng của cấu tạo hóa học dầu thực vật đến tính chất của hệ khâu mạch quang hóa /
|c Lê Xuân Hiền, Vũ Minh Hoàng, Nguyễn Thị Việt Triều.
|
| 700 |
# |
# |
|a Nguyễn Thị Việt Triều.
|
| 700 |
# |
# |
|a Vũ Minh Hoàng.
|
| 773 |
# |
# |
|t Hóa học
|g Số 2, 2012, tr. 228-232
|
| 920 |
# |
# |
|a Phòng Tạp chí -- Trung tâm Thông tin - Thư viện Trường Đại học Đà Lạt
|
| 994 |
# |
# |
|a DLU
|
| 900 |
# |
# |
|a True
|
| 911 |
# |
# |
|a Hoàng Thị Huyền
|
| 925 |
# |
# |
|a G
|
| 926 |
# |
# |
|a A
|
| 927 |
# |
# |
|a BB
|
| 980 |
# |
# |
|a Thư viện Trường Đại học Đà Lạt
|